| 000 | 00586nam a22001931 4500 | ||
|---|---|---|---|
| 001 | sa 68016735 | ||
| 003 | DLC | ||
| 005 | 20260227112657.0 | ||
| 008 | 850924s1966 io b 00010 eng | ||
| 010 | _asa 68016735 //r85 | ||
| 025 | _aPL480:Indo-4555 | ||
| 050 | 0 |
_aPL5073 _b.A4 |
|
| 100 | 1 | 0 | _aAlmatsier, A. M. |
| 245 | 1 | 0 |
_aHow to master the Indonesian language; _ba course for English-speaking foreigners, _cby A.M. Almatsier. |
| 260 | 0 |
_aDjakarta, _bGunung Agung, _c1966. |
|
| 300 |
_a143 p. _c21 cm. |
||
| 504 | _aBibliography: p. 143. | ||
| 650 | 0 |
_aIndonesian language _xGrammar. |
|
| 999 |
_c87277 _d87277 |
||